000 00579cam a2200169 4500500
005 20260329020427.0
041 _afre
042 _adc
100 1 0 _aAllard, Bruno
_eauthor
700 1 0 _aCosta, François
_eauthor
700 1 0 _aLabouré, Éric
_eauthor
700 1 0 _aLubin, Thierry
_eauthor
700 1 0 _aMazaleyrat, Frédéric
_eauthor
245 0 0 _aÉlectrotechnique générale
260 _bTechniques de l'ingénieur,
_c2025.
856 4 1 _uhttps://stm.cairn.info/techniques-de-l-ingenieur-electrotechnique-generale--42333210?lang=fr&redirect-ssocas=7080
999 _c1905985
_d1905985